laufey synonym challenge - Statistics

General Stats
  • This quiz has been taken 43 times
  • The average score is 9 of 15
Answer Stats
Hint Answer % Correct
A Road Next to a Road Street by Street
88%
A Warning Story A Cautionary Tale
79%
Easily Breakable Fragile
79%
A Note Given to My Teenage Self Letter To My 13 Year Old Self
79%
What Place or What Time Where or When
76%
Aloft The Mandarin Eatery Above The Chinese Restaurant
71%
Romantic Woman Lover Girl
68%
Ennui Bored
65%
Pledge Promise
59%
Grandiflora Magnolia
56%
In a Similar Way to Mr. Baker Just Like Chet
50%
Looks Similar to The Past Seems Like Old Times
35%
Our Tenderness Has Soared Elsewhere Love Flew Away
26%
Loving Luck Serendipity
18%
Nightfall Divertimento Nocturne
12%
No matching quizzes found
Score Distribution
Percent of People with Each Score
Percentile by Number Answered
Your Score History
You have not taken this quiz